000 00591nam a2200205Ia 4500
005 20250508170102.0
008 008 250505s9999 xx 000 0 eng d
020 _a978-93-89875-48-5
037 _aReference
040 _aFEDL
_beng
_cFEDL
041 _aeng
_2eng
084 _a371.9, CHE/RR
_qFEDL
100 _aChennat Sailaja Ed.
245 0 _aDisability inclusion and inclusive education
260 _aSingapore
_bSpringer
_c2019
300 _aix, 193p.
546 _aGifted by Prof. Sailaja Chennat
942 _cREF
_h371.9, CHE/RR
999 _c1399141
_d1399141